II congreso internacional de terrazas : (Record no. 21228)

000 -CABECERA
fixed length control field 01671nam a22003857a 4500
003 - IDENTIFICADOR DEL NÚMERO DE CONTROL
control field AR-CdUCM
008 - DATOS DE LONGITUD FIJA--INFORMACIÓN GENERAL
fixed length control field 190228b ||||| |||| 00| 0 spa d
040 ## - FUENTE DE LA CATALOGACIÓN
Agencia/entidad que catalogó originalmente la obra MUNICIPALIDAD PROVINCIAL DEL CUSCO
Entidad que transcribió la catalogación BIBLIOTECA MUNICIPAL DEL CUSCO
082 ## - NÚMERO DE LA CLASIFICACIÓN DECIMAL DEWEY
No. de Clasificación 631.45 / C43
Notacion interna C43
110 ## - ENTRADA PRINCIPAL--NOMBRE DE ENTIDAD CORPORATIVA
Nombre de la institución, jurisdicción como entrada principal Centro de Estudios Regionales Bartolomé de Las Casas Cusco
9 (RLIN) 44329
245 ## - MENCIÓN DE TÍTULO
Título II congreso internacional de terrazas :
Resto del título encuentro de culturas y saberes de terrazas del mundo /
260 ## - PUBLICACIÓN, DISTRIBUCIÓN, ETC.
Lugar de publicación, distribución, etc. Cusco :
Nombre de la editorial, distribuidor, etc. Centro Bartolomé de Las Casas ,
Fecha de publicación, distribución, etc. 2015.
300 ## - DESCRIPCIÓN FÍSICA
Nº de Páginas Extensión 395 paginas :
Otros detalles físicos ilustraciones,
Dimensiones 23 cm.
440 ## - MENCIÓN DE SERIE/PUNTO DE ACCESO ADICIONAL--TÍTULO
Título Ecología y Desarrollo.
Número de la parte/sección de una obra 6015
9 (RLIN) 44330
505 ## - NOTA DE CONTENIDO CON FORMATO
Nota de contenido formateada Contenido: Manejo de agua, suelos y servicios ecosistémicos asociados con cambio climático -- Andenes y amunas su importancia en tiempos de cambio climático -- Cultura y manejo del agua en andenes en el valle del Colca -- Agrobiodiversidad soberanía y seguridad alimentaria y nutricional -- Moray centro ceremonial para crianza ritual de la diversidad de semillas ...
650 ## - PUNTO DE ACCESO ADICIONAL DE MATERIA--TÉRMINO DE MATERIA
Descriptor Terrazas
9 (RLIN) 44331
650 ## - PUNTO DE ACCESO ADICIONAL DE MATERIA--TÉRMINO DE MATERIA
Descriptor Andenes
9 (RLIN) 44332
650 ## - PUNTO DE ACCESO ADICIONAL DE MATERIA--TÉRMINO DE MATERIA
Descriptor Interculturalidad
9 (RLIN) 7556
650 ## - PUNTO DE ACCESO ADICIONAL DE MATERIA--TÉRMINO DE MATERIA
Descriptor Cosmovición
9 (RLIN) 44333
650 ## - PUNTO DE ACCESO ADICIONAL DE MATERIA--TÉRMINO DE MATERIA
Descriptor Agroviodiversidad
9 (RLIN) 44334
650 ## - PUNTO DE ACCESO ADICIONAL DE MATERIA--TÉRMINO DE MATERIA
Descriptor Manejo de cuencas
9 (RLIN) 44335
650 ## - PUNTO DE ACCESO ADICIONAL DE MATERIA--TÉRMINO DE MATERIA
Descriptor Sistemas agrícolas
9 (RLIN) 22836
650 ## - PUNTO DE ACCESO ADICIONAL DE MATERIA--TÉRMINO DE MATERIA
Descriptor Agua
9 (RLIN) 19441
650 ## - PUNTO DE ACCESO ADICIONAL DE MATERIA--TÉRMINO DE MATERIA
Descriptor Tecnología agrícola
9 (RLIN) 22349
650 ## - PUNTO DE ACCESO ADICIONAL DE MATERIA--TÉRMINO DE MATERIA
Descriptor Cambios climáticos
9 (RLIN) 22350
650 ## - PUNTO DE ACCESO ADICIONAL DE MATERIA--TÉRMINO DE MATERIA
Descriptor Perú
9 (RLIN) 44336
650 ## - PUNTO DE ACCESO ADICIONAL DE MATERIA--TÉRMINO DE MATERIA
Descriptor Japón
9 (RLIN) 8219
650 ## - PUNTO DE ACCESO ADICIONAL DE MATERIA--TÉRMINO DE MATERIA
Descriptor China
9 (RLIN) 843
650 ## - PUNTO DE ACCESO ADICIONAL DE MATERIA--TÉRMINO DE MATERIA
Descriptor España
9 (RLIN) 176
650 ## - PUNTO DE ACCESO ADICIONAL DE MATERIA--TÉRMINO DE MATERIA
Descriptor Islas Canarias
9 (RLIN) 44337
700 ## - PUNTO DE ACCESO ADICIONAL--NOMBRE DE PERSONA
Nombre Personal Tillmann, Timmi
9 (RLIN) 44338
700 ## - PUNTO DE ACCESO ADICIONAL--NOMBRE DE PERSONA
Nombre Personal Bueno de Mesquita, Maurik
9 (RLIN) 44339
942 ## - ELEMENTOS DE PUNTO DE ACCESO ADICIONAL (KOHA)
Fuente de clasificación
Tipo de item Libros-BMC
945 ## - PROCESAMIENTO DE INFORMACIÓN LOCAL (OCLC)
Catalogador Roel
Holdings
Estado de retiro (separado) Fuente de clasificación o esquema de estanterías Estado dañado Ubicación Sala donde se ubica Nombre de la colección Fecha de adquisición o compra Fuente de adquisición Costo, precio normal en soles Signatura topográfica Código de Barras Última vez visto (Koha) Tipo de ítem (Koha)
No     Sala Ciencias Sala Ciencias Book Cart 2020-02-19 Depósito Legal 20.00 631.45 / C43 SC0000002146 2020-02-19 Libros-BMC

Powered by Koha